| 000 | 01435nam a22003735a 4500 | ||
|---|---|---|---|
| 003 | EG-ScBUE | ||
| 005 | 20220517105430.0 | ||
| 008 | 140508t2009 maua f b 001 0 eng d | ||
| 020 | _a9781424000371 | ||
| 020 | _a1424000378 | ||
| 040 |
_aEG-ScBUE _beng _erda _cEG-ScBUE _dEG-ScBUE |
||
| 082 | 0 | 4 |
_a425 _bCAK _222 |
| 100 | 1 |
_aCake, Cathleen D., _eauthor. |
|
| 245 | 1 | 0 |
_aGrammar connection 5 : _bstructure through content / _cCathleen D. Cake ; series editors Marianne Celce-Murcia, M. E. Sokolik. |
| 250 | _aInternational student edition. | ||
| 264 | 1 |
_aBoston, MA : _bHeinle, _c[2009] |
|
| 264 | 4 | _cc2009 | |
| 300 |
_axv, 352 pages : _bcolor illustrations ; _c28 cm. |
||
| 336 |
_2rdacontent _atext _btxt |
||
| 337 |
_2rdamedia _aunmediated _bn |
||
| 338 |
_2rdacarrier _avolume _bnc |
||
| 490 | 0 | _aGrammar connection series | |
| 500 | _aIncludes appendix. | ||
| 504 | _aIncludes bibliographical references and index. | ||
| 650 | 7 |
_aEnglish language _xGrammar _vProblems, exercises, etc. _2BUEsh _913890 |
|
| 650 | 7 |
_aEnglish language _xSpoken English _vProblems, exercises, etc. _2BUEsh _910347 |
|
| 650 | 7 |
_aEnglish language _xBusiness English _vProblems, exercises, etc. _2BUEsh _923274 |
|
| 651 | _2BUEsh | ||
| 653 |
_bHHUUEENN _cDecember2016 |
||
| 655 |
_vReading book _934232 |
||
| 700 | 1 |
_aCelce-Murcia, Marianne _eeditor. _935974 |
|
| 700 | 1 |
_aSokolik, M. E. _q(Margaret E.) _eeditor. _935975 |
|
| 942 |
_2ddc _k425 KOR _cBB |
||
| 999 |
_c23776 _d23748 |
||